Statistics for Benfica Goalkeeper By Year

Click here to take the quiz!

General Stats

  • This quiz has been taken 193 times
    (93 since last reset)
  • The average score is 21 of 53

Answer Stats

SeasonGoalkeeper% Correct
2022-23Odisseas Vlachodimos
87%
2020-21Odisseas Vlachodimos
87%
2019-20Odisseas Vlachodimos
87%
2018-19Odisseas Vlachodimos
87%
2021-22Odisseas Vlachodimos
87%
2016-17Ederson
81%
2013-14Jan Oblak
71%
2015-16Júlio César
67%
2014-15Júlio César
67%
2010-11Roberto
51%
2012-13Artur Moraes
48%
2011-12Artur Moraes
48%
2017-18Bruno Varela
48%
2006-07Quim
42%
2004-05Quim
42%
2008-09Quim
42%
2009-10Quim
42%
2007-08Quim
42%
1976-77Manuel Bento
39%
1985-86Manuel Bento
39%
1977-78Manuel Bento
39%
1978-79Manuel Bento
39%
1979-80Manuel Bento
39%
1980-81Manuel Bento
39%
1981-82Manuel Bento
39%
1982-83Manuel Bento
39%
1983-84Manuel Bento
39%
1984-85Manuel Bento
39%
1996-97Michel Preud'homme
39%
1997-98Michel Preud'homme
39%
1998-99Michel Preud'homme
39%
1994-95Michel Preud'homme
39%
1995-96Michel Preud'homme
39%
2003-04José Moreira
32%
2002-03José Moreira
32%
1999-00Robert Enke
25%
2001-02Robert Enke
25%
2000-01Robert Enke
25%
2005-06Marcelo Moretto
20%
1993-94Neno
20%
1991-92Neno
20%
1990-91Neno
20%
1986-87Silvino
16%
1992-93Silvino
16%
1987-88Silvino
16%
1988-89Silvino
16%
1989-90Silvino
16%
1975-76José Henrique
9%
1974-75José Henrique
9%
1973-74José Henrique
9%
1972-73José Henrique
9%
1971-72José Henrique
9%
1970-71José Henrique
9%

Score Distribution

Percentile by Number Answered

Percent of People with Each Score

Your Score History

You have not taken this quiz since the last reset